| 000 | 00721nam a2200253 i 4500 | ||
|---|---|---|---|
| 003 | DO-SdBNP | ||
| 005 | 20230630100515.0 | ||
| 007 | ta | ||
| 008 | 230630b2022 dr ||||| |||| 00| 0 spa d | ||
| 020 | _a9789945180886 | ||
| 040 |
_aDO-SdBNP _bspa _cBNPHU _erda |
||
| 082 | 4 | _222 | |
| 100 |
_aVentura Vargas, Nelson, _eautor _983637 |
||
| 245 | 1 | 0 |
_aObra negra / _cNelson Ventura Vargas |
| 264 |
_aEstados Unidos : _bColumbia, SC, _c2022. |
||
| 300 |
_avolumen ; _c30 cm. |
||
| 336 |
_2rdacontent _atexto _btxt |
||
| 337 |
_2rdamedia _asin mediación _bn |
||
| 338 |
_2rdacarrier _avolumen _bnc |
||
| 500 | _aLa biblioteca posee el volumen 1 | ||
| 590 | _aInventariado, 2023/BT | ||
| 910 | _aBtavárez | ||
| 942 |
_2ddc _cLBS1 |
||
| 999 |
_c54021 _d54021 |
||